| 000 | 01172cab a2200349 4500 | ||
|---|---|---|---|
| 001 | ABS58217 | ||
| 008 | 090401t1998 xxu||||| |||| 00| 0 eng d | ||
| 035 | _a(Sirsi) u83544 | ||
| 041 | _aeng | ||
| 100 | _aReid, W. | ||
| 245 | 4 | _aThe roots of liability | |
| 260 | _c1998 | ||
| 350 | _a0 | ||
| 490 |
_aLGC Law and Administration _v(11) 23 January 1998, 10(1) |
||
| 520 | _aHighlights some key cases that are likely to affect local authority practice on trees along the highway, noise pollution, residential tenancies, compensation and ultra vires. | ||
| 650 | _aBAXTER V CAMDEN LBC | ||
| 650 | _aBURTON V CAMDEN LBC | ||
| 650 | _aCOMPENSATION | ||
| 650 | _aCREDIT SUISSE V ALLERDALE BC | ||
| 650 | _aHIGHWAY AUTHORITIES | ||
| 650 | _aHURST AND ANOTHER V HAMPSHIRE CC | ||
| 650 | _aLIABILITY | ||
| 650 | _aLORIMER AND OTHERS V SOLIHULL MBC | ||
| 650 | _aNOISE POLLUTION | ||
| 650 | _aPROPERTY-RESIDENTIAL PROPERTY-RESIDENTIAL LANDLORD AND TENANT-RESIDENTIAL TENANCIES | ||
| 650 | _aSTRETCH V UNITED KINGDOM | ||
| 650 | _aTREES | ||
| 650 | _aULTRA VIRES | ||
| 690 | _aPROPERTY LAW AND PRACTICE-CASE LAW | ||
| 942 | _n0 | ||
| 948 | _c04/02/1998 | ||
| 999 |
_c52774 _d52774 |
||